W jakim kraju leży to miasto? - Statystyki

Ogólne statystyki
  • Ten quiz został rozwiązany 550 razy
  • Średni wynik to 20 z 25
Statystyki odpowiedzi
Miasto Państwo % Poprawnych
Barcelona Hiszpania
100%
Hamburg Niemcy
99%
Kraków Polska
98%
Mediolan Włochy
98%
Rotterdam Holandia
92%
Marsylia Francja
91%
Tokio Japonia
91%
Birmingham Wielka Brytania
91%
Neapol Włochy
90%
Buenos Aires Argentyna
87%
Lipsk Niemcy
86%
Göteborg Szwecja
84%
Leeds Wielka Brytania
83%
Ostrawa Czechy
77%
Drezno Niemcy
77%
Edynburg Wielka Brytania
75%
Kowno Litwa
71%
Prisztina Kosowo
70%
Brno Czechy
69%
Haga Holandia
69%
Antwerpia Belgia
65%
Utrecht Holandia
63%
Graz Austria
62%
Kordoba Hiszpania
62%
Jassy Rumunia
22%
Nie znaleziono quizów pasujących do podanych kryteriów
Rozkład punktacji
Procent ludzi z każdym wynikiem
Percentyl według liczby udzielonych odpowiedzi
Twoja historia wyników
Nie rozwiązałeś tego quizu